Osobitosti športového tréningu žien v karate

Bibliographic Details
Main Author: Zemková, Erika, 1969- (Author)
Format: Article
Language:Slovak
ISSN:1335-2245
Subjects:

MARC

LEADER 00000nab a2200000 a 4500
001 vtls009477728
003 SK-MaSNL
005 20260304150816.0
008 250506c2008 xo dr|p|||||||000 b|slo
015 |a SNBRB2009/02  |2 snkbucl 
035 |a (uuid)ce92cf7e-24c1-4629-bec2-5ddb85762dae 
035 |a urn:nbn:sk:snk-aba314 
035 |a (urnnbn)urn:nbn:sk:snk:ar-a09b10 
038 |a SNKBUCL 
040 |a SNKBUCL  |b slo  |c SNKBUCL  |e AACR2 
041 0 |a slo 
044 |a xo  |c SK 
080 |a 796.853.26.015.8  |2 1997 
100 1 |a Zemková, Erika,  |d 1969-  |4 aut  |9 229017 
245 1 0 |a Osobitosti športového tréningu žien v karate  |c Erika Zemková 
650 0 7 |a karate  |2 snkbucl  |9 3275 
773 0 |t Telesná výchova a šport  |g Roč. XVIII, č. 3-4 (2008), s. 30-32  |x 1335-2245 
850 |a Slovenská národná knižnica 
852 |a Slovenská národná knižnica 
954 |a odborná, vedecká literatúra pôvodná (slovenská)  |2 lita 
958 |a article13 
958 |a OND 
958 |a EUIPO 
999 |c 2939739  |d 2941669